| 000 | 00762nam a2200193 4500 | ||
|---|---|---|---|
| 008 | 091007s1998 ph a b 001 0 eng d | ||
| 020 | _a9715693008 | ||
| 020 | _a9715693016 :Php1895.00/250.00 | ||
| 090 |
_aDS685 _bB46p |
||
| 100 | 1 | _aBest, Jonathan. | |
| 245 | 1 | 2 |
_aA Philippine album : _bAmerican era photographs, 1900-1930 / _cJonathan Best. |
| 260 |
_aMakati City, Philippines : _bBookmark, _cc1998. |
||
| 300 |
_a247, [3] p. : _bchiefly ill. (some col.) ; _c24 x 27 cm. |
||
| 504 | _aIncludes bibliographical references (p. [249]-[250]) and index. | ||
| 651 | 4 |
_aPhilippines _xHistory _y1898-1946 _xPictorial works. |
|
| 651 | 4 |
_aPhilippines _xPictorial works. |
|
| 951 |
_p33332 _x00038411 _oFILDS685/B46p _j091007141839673 _d2000-12-21 _cFIL |
||
| 999 |
_c33705 _d33705 |
||